| 000 | 01467nam a2200337 a 4500 | ||
|---|---|---|---|
| 001 | ebr10590244 | ||
| 003 | CaPaEBR | ||
| 006 | m u | ||
| 007 | cr cn||||||||| | ||
| 008 | 120829s1959 gw s 001 0 lat d | ||
| 020 | _z9783111233277 | ||
| 020 | _z9783111608549 (e-book) | ||
| 040 |
_aCaPaEBR _cCaPaEBR |
||
| 035 | _a(OCoLC)811393527 | ||
| 050 | 1 | 4 |
_aPN4103 _b.Q56 1959eb |
| 100 | 0 | _aQuintilian. | |
| 245 | 1 | 0 |
_aM. Fabi Qvintiliani institvtionis oratoriae _h[electronic resource] . _nLibri XII / _cedidit Lvdwig Radermacher. Pars secvnda, libros VII-XII continens. |
| 250 |
_aEditio stereotypa correctior, editionis primae XXXV / _baddenda et corrigenda, collegit et adiecit Vinzenz Bvchheit. |
||
| 260 |
_aLipsiae : _bIn aedibvs B.G. Tevbneri, _c1959. |
||
| 300 | _axi, 458 p. | ||
| 490 | 1 | _aBibliotheca scriptorvm Graecorvm et Romanorvm Tevbneriana | |
| 500 | _aIncludes index. | ||
| 533 |
_aElectronic reproduction. _bPalo Alto, Calif. : _cebrary, _d2011. _nAvailable via World Wide Web. _nAccess may be limited to ebrary affiliated libraries. |
||
| 650 | 0 |
_aOratory _vEarly works to 1800. |
|
| 655 | 7 |
_aElectronic books. _2local |
|
| 700 | 1 | _aRadermacher, Lvdwig. | |
| 700 | 1 | _aBvchheit, Vinzenz. | |
| 710 | 2 | _aebrary, Inc. | |
| 830 | 0 | _aBibliotheca scriptorum Graecorum et Romanorum Teubneriana. | |
| 856 | 4 | 0 |
_uhttp://site.ebrary.com/lib/rucke/Doc?id=10590244 _zAn electronic book accessible through the World Wide Web; click to view |
| 999 |
_c105215 _d105215 |
||